000 00258nam a2200109Ia 4500
005 20251222114358.0
008 251222s1900||||xx |||||||||||||| ||spa||
082 _aDVD0070 K29/1954
245 0 _aLa ley del silencio
264 _bColumbia Pictures
942 _cDVD
999 _c1541
_d1541